ARRUPE JESUIT UNIVERSITY

CORONAVIRUS -STOP THE SPREAD - CLEAN,DISINFECT,COVER

What's in a name? (Record no. 99826)

MARC details
000 -LEADER
fixed length control field 00474nam a2200205Ia 4500
003 - CONTROL NUMBER IDENTIFIER
control field 0100
005 - DATE AND TIME OF LATEST TRANSACTION
control field 20180308150424.0
008 - FIXED-LENGTH DATA ELEMENTS--GENERAL INFORMATION
fixed length control field 130307s9999 xx 000 0 und d
020 ## - INTERNATIONAL STANDARD BOOK NUMBER
International Standard Book Number 0869222473
040 ## - CATALOGING SOURCE
Transcribing agency ARRUPELIB
050 ## - LIBRARY OF CONGRESS CALL NUMBER
Classification number DT962.42.P66 1983
300 ## - PHYSICAL DESCRIPTION
Other physical details 22 cm.
100 ## - MAIN ENTRY--PERSONAL NAME
Personal name Pongweni, Alec J. C
9 (RLIN) 23040
245 ## - TITLE STATEMENT
Title What's in a name?
Remainder of title a study of Shona nomenclature /
260 ## - PUBLICATION, DISTRIBUTION, ETC. (IMPRINT)
Place of publication, distribution, etc Gweru Zimbabwe :
Name of publisher, distributor, etc Mambo Press
Date of publication, distribution, etc 1983.
300 ## - PHYSICAL DESCRIPTION
Extent 98 p.
650 ## - SUBJECT ADDED ENTRY--TOPICAL TERM
Topical term or geographic name as entry element Names, Shona
9 (RLIN) 40398
650 ## - SUBJECT ADDED ENTRY--TOPICAL TERM
Topical term or geographic name as entry element Shona language
General subdivision Etymology
-- Names
9 (RLIN) 40399
650 ## - SUBJECT ADDED ENTRY--TOPICAL TERM
Topical term or geographic name as entry element Shona (African people)
General subdivision Social life and customs
9 (RLIN) 30981
942 00 - ADDED ENTRY ELEMENTS (KOHA)
Koha issues (borrowed), all copies 1
Source of classification or shelving scheme Library of Congress Classification
Koha item type Monograph ( Printed materials)
Holdings
Withdrawn status Lost status Source of classification or shelving scheme Damaged status Not for loan Collection code Home library Current library Shelving location Date acquired Total Checkouts Full call number Barcode Date last seen Date checked out Copy number Price effective from Koha item type
    Library of Congress Classification     Main Collection ARRUPE LIBRARY ARRUPE LIBRARY   07/03/2013 2 DT962.42.P66 1983 46003044914 22/01/2024 22/03/2023 1 07/03/2013 Monograph ( Printed materials)
    Library of Congress Classification     Main Collection ARRUPE LIBRARY ARRUPE LIBRARY Main Collection 20/10/2020   DT962.42.P66 1983 46600008089 20/10/2020     20/10/2020 Monograph ( Printed materials)

 

Arrupe Library. PO Box MP320 Mt Pleasant, Harare, Zimbabwe
263 242 745411|librarian@aju.ac.zw